Country Quiz- Albania - Statistics

General Stats
  • This quiz has been taken 43 times
  • The average score is 4 of 15
Answer Stats
Questions Answers % Correct
What is the most dominant religion? Islam
92%
What is Albania's capital? Tirana
89%
What is the currency used in Albania? Lek
50%
What is the national Albanian drink? Raki
47%
What do Albanians call the country? Shqiperi
42%
Albania is not part of the EU but is a member of which organisation? NATO
37%
What percentage of Albania is mountainous? 70%
13%
What city in Albania has no traffic lights? Shkodra
13%
What is the most common coffee drunk in Albania? Turkish Coffee
13%
What is the national song of Albania? Himni I Flamurit
5%
What is the name of the traditional Albanian shoe worn by both genders? Opinga
5%
30% of Europe's plant collection is in Albania, how many plant types do they have? 3250
3%
What is the traditional Albanian hat which doesn't have a brim? Geleshes
3%
What is Albania's highest peak (also Macedonia's) called? Maje e Korabit
3%
What is the largest body of water in Albania? Skadar Lake
3%
No matching quizzes found
Score Distribution
Percent of People with Each Score
Percentile by Number Answered
Your Score History
You have not taken this quiz